000 00503nam a2200193 i 4500
001 C2-0314090
003 PPAK
005 20180729001323.0
008 111207s1995 ii |||| ||||| | eng d
040 _aPPAK
_beng
_cPPAK
_erda
245 0 0 _aDilwale Dulhania Le Jayenge
264 1 _aIndia :
_bYash Rai Film ,
_c1995
336 _2rdacontent
_atext
337 _2rdamedia
_aunmediated
338 _2rdacarrier
_avolume
700 _eauthor
700 0 _aAditya Chopra,
_ecompile
942 _2ddc
_cVCD
999 _c166864
_d166864